Pannenberg: (Record no. 122161)
[ view plain ]
| 000 -LEADER | |
|---|---|
| fixed length control field | 00506nam a22001577a 4500 |
| 008 - FIXED-LENGTH DATA ELEMENTS--GENERAL INFORMATION | |
| fixed length control field | 150220b xxu||||| |||| 00| 0 eng d |
| 020 ## - INTERNATIONAL STANDARD BOOK NUMBER | |
| International Standard Book Number | 9780567032560 |
| 050 ## - LIBRARY OF CONGRESS CALL NUMBER | |
| Classification number | BX4827.P34 B798 |
| 100 ## - MAIN ENTRY--PERSONAL NAME | |
| Personal name | Bradshaw, Timothy |
| 9 (RLIN) | 15456 |
| 245 ## - TITLE STATEMENT | |
| Title | Pannenberg: |
| Remainder of title | a guide for the perplexed |
| Statement of responsibility, etc | / by Timothy Bradshaw |
| 260 ## - PUBLICATION, DISTRIBUTION, ETC. (IMPRINT) | |
| Place of publication, distribution, etc | London |
| Name of publisher, distributor, etc | T&T Clark International |
| Date of publication, distribution, etc | 2009 |
| 300 ## - PHYSICAL DESCRIPTION | |
| Extent | viii,190p. ; |
| Dimensions | 22cm. |
| 440 ## - SERIES STATEMENT/ADDED ENTRY--TITLE | |
| Title | A guide for the perplexed |
| 9 (RLIN) | 15842 |
| 650 ## - SUBJECT ADDED ENTRY--TOPICAL TERM | |
| Topical term or geographic name as entry element | Pennnenberg |
| General subdivision | Wolfhart |
| 9 (RLIN) | 15457 |
| 942 ## - ADDED ENTRY ELEMENTS (KOHA) | |
| Source of classification or shelving scheme | Library of Congress Classification |
| Item type | Monograph ( Printed materials) |
| Withdrawn status | Lost status | Source of classification or shelving scheme | Damaged status | Not for loan | Collection code | Home library | Current library | Shelving location | Date acquired | Total Checkouts | Full call number | Barcode | Date last seen | Price effective from | Koha item type |
|---|---|---|---|---|---|---|---|---|---|---|---|---|---|---|---|
| Library of Congress Classification | Main Collection | ARRUPE LIBRARY | ARRUPE LIBRARY | Main Collection | 20/02/2015 | BX4827.P34 B798 | 46500002870 | 22/11/2017 | 20/02/2015 | Monograph ( Printed materials) |